000 00652nam a22001937a 4500
005 20170919102254.0
010 _aENG-120411
020 _a9789382420057
_c995.00
035 _aEN-103943
037 _bDBAD/PUB
082 _a954.14035
100 _aAdak, Naba Kumar
245 _aSyama Prasad Mookerjee :
_cby Naba Kumar Adak
_ba study of his role in Bengal politics,(1929-1953) /
260 _aNew delhi
_bKunal Books
_c2013
270 _a4596 / 1A,first floor,11, Daryaganj
_bNew Delhi
_e110002
300 _axiv,434p.
_c23cm(H.b)
500 _aIncludes bibliographical references and index
942 _2ddc
_cEN
_h954.14035
_mADA
999 _c144833
_d144833